Quess who am i. - Harry Potter - Statistics

General Stats
  • This quiz has been taken 18 times
  • The average score is 6 of 15
Answer Stats
Hint Answer % Correct
The boy who lived. Harry Potter
100%
I´m the well known headmaster. Albus Dumbledore
92%
My own cousin killed me. Sirius Black
62%
I killed my family. Voldemort
62%
I could be ´´The boy who lived´´. Neville Longbottom
54%
I married a werewolf. Nymphadora Tonks
46%
My wife is part fairy. Bill Weasley
38%
I had a brother named Colin. Dennis Creevey
31%
I was exactly like my animagus form. Peter Pettigrew
31%
I tryed to give more to my wife to run away. James Potter
23%
I left my family because i belived to my boss. Percy Weasley
23%
I eat chocolate a lot. Remus Lupin
23%
A fox killed my rabbit. Lavender Brown
15%
When she died the fish become a leave again Lily Potter
15%
My favourite color is Lilac. Gilderoy Lockhart
8%
No matching quizzes found
Score Distribution
Percent of People with Each Score
Percentile by Number Answered
Your Score History
You have not taken this quiz